Spell the Marvel Hero #141 - Statistics

General Stats
  • This quiz has been taken 18 times
  • The average score is 5 of 9
Answer Stats
Picture Answer % Correct
Punisher
100%
Old Man Logan
72%
Captain Britain
61%
Psylocke
61%
Yellowjacket
50%
Elsa Bloodstone
44%
Lockheed
44%
Spider-Man India
39%
Karnak
33%
No matching quizzes found
Score Distribution
Percent of People with Each Score
Percentile by Number Answered
Your Score History
You have not taken this quiz